Tubarão / (Record no. 49)

MARC details
000 -LÍDER
campo de controle de tamanho fixo 02403nam a2200337 4500
001 - NÚMERO DE CONTROLE
campo de controle 49
003 - IDENTIFICADOR DO NÚMERO DE CONTROLE
campo de controle OSt
005 - DATA E HORÁRIO DA ÚLTIMA TRANSAÇÃO
campo de controle 20250528074010.0
008 - CAMPO DE DADOS FIXOS--INFORMAÇÃO GERAL
campo de controle de tamanho fixo 250122b |||||||g |||| 00| 1 eng d
040 ## - FONTE DA CATALOGAÇÃO
Idioma da catalogação por
041 ## - CÓDIGO DE IDIOMA
Código do idioma do original e/ou traduções intermediárias do texto eng
Código do idioma do texto/trilha sonora ou título diferente por
082 ## - CDD - CLASSIFICAÇÃO DECIMAL DE DEWEY
Número de Classificação 813
Número do exemplar B457t
100 1# - ENTRADA PRINCIPAL--NOME PESSOAL
Nome pessoal Benchley, Peter,
Datas associadas ao nome 1940-2006
9 (RLIN) 140
240 ## - TÍTULO UNIFORME
Título uniforme Jaws
245 ## - TÍTULO
Título Tubarão /
Indicação de responsabilidade, etc. Benchly, Peter ; Tradução de A. B. Pinheiro de Lemos
250 ## - EDIÇÃO
Declaração de edição 6° edição
260 ## - PUBLICAÇÃO, DISTRIBUIÇÃO, ETC.
Local de publicação, distribuição, etc. São Paulo
Nome do editor, distribuidor, etc. Abril
Data da publicação, distribuição, etc. 1984
300 ## - DESCRIÇÃO FÍSICA
Extensão 335 p.
490 1# - TÍTULO DA SÉRIE
Título da série Grandes Sucessos - Abril Cultural
520 ## - NOTA DE RESUMO, ETC.
Resumo, etc. Você não está vendo, mas ele está lá no fundo, observando suas pernas se mexerem nas águas turvas. A mais perfeita máquina assassina da natureza, o predador que mantém seu posto no topo da cadeia alimentar desde a época dos dinossauros. Um torpedo de carne, ossos e dentes. Não há para onde fugir. Se você sempre devorou livros, chegou a hora da revanche. Tubarão é o clássico romance de Peter Benchley que deu origem ao primeiro blockbuster de Spielberg. Mas, mesmo antes do sucesso na telona, o frenesi alimentar de Jaws se transformou num fenômeno de vendas. O best-seller internacional foi o principal responsável em elevar a fera de barbatanas dorsais ao status de perfeita encarnação do mal. Se já existiu um bicho-papão na natureza, ele está dentro d’água. A história se passa em Amity, um balneário ficcional situado em Long Island, Nova York. Quando o corpo de uma turista é encontrado na praia o chefe de polícia Martin Brody ordena o fechamento das praias da região. O prefeito Larry Vaughan, porém, mais preocupado com o dinheiro dos veranistas, consegue abafar a notícia e libera o banho de mar na cidade. O banquete está servido. O impacto dessa obra pop foi tão violento, que gerações passaram a pensar duas vezes antes de cair no mar. O resultado, além das intermináveis semanas do tubarão na tv a cabo, foi a perseguição desenfreada a esses peixes de dentes afiados. Benchley se tornou um ativista contra a matança indiscriminada dos tubarões.
650 #0 - ASSUNTO--TERMO TÓPICO
Cabeçalho tópico ou nome geográfico Literatura Americana
9 (RLIN) 84
650 #0 - ASSUNTO--TERMO TÓPICO
Cabeçalho tópico ou nome geográfico Terror
9 (RLIN) 141
650 #0 - ASSUNTO--TERMO TÓPICO
Cabeçalho tópico ou nome geográfico Suspense
9 (RLIN) 10
650 #0 - ASSUNTO--TERMO TÓPICO
Cabeçalho tópico ou nome geográfico Animais
9 (RLIN) 59
650 #0 - ASSUNTO--TERMO TÓPICO
Cabeçalho tópico ou nome geográfico Clássicos
9 (RLIN) 77
655 #0 - TERMO DE ÍNDICE--GÊNERO E FORMA
Gênero/forma/ou termo foco Romance
655 #0 - TERMO DE ÍNDICE--GÊNERO E FORMA
Gênero/forma/ou termo foco Ficção
700 ## - ENTRADA ADICIONADA - NOME PESSOAL
Nome pessoal A. B. Pinheiro de Lemos
Função do autor por extenso Tradutor
9 (RLIN) 109
830 ## - ENTRADA SECUNDÁRIA DE SÉRIE--TÍTULO UNIFORME
Título uniforme Grandes Sucessos - Abril Cultural
9 (RLIN) 142
942 ## - ELEMENTOS DE ENTRADA ADICIONADOS (KOHA)
Fonte de classificação ou esquema de arquivamento Classificação decimal de Dewey
Ocultar no OPAC Não
Tipo de material Koha Livros
Holdings
Situação do descarte Situação das perdas Fonte de classificação ou esquema de arquivamento Status danificado Não pode ser emprestado Coleção Biblioteca de origem Biblioteca atual Localização na estante Data de aquisição Fonte de aquisição Total de empréstimos Número de chamada completo Código de barras Data de último acesso Data do preço efetivo Tipo de material Koha
    Classificação decimal de Dewey     Ficção Biblioteca Professor Eduardo Afonso de Castro Biblioteca Professor Eduardo Afonso de Castro Literatura Estrangeira 18.10.2022 doação   813 / B457t 2025-16611 20.01.2025 20.01.2025 Livros

Powered by Koha